bad idea right? by Olivia Rodrigo - Lyrics Quiz - Statistics

General Stats
  • This quiz has been taken 1,450 times
  • The average score is 355 of 431
Answer Stats
Answer % Correct
I
100%
a
99%
right
97%
my
96%
but
95%
you
95%
bad
94%
can't
94%
friend
94%
in
94%
see
94%
to
94%
idea
93%
it
93%
know
93%
it's
92%
and
91%
as
90%
on
90%
ex
88%
fuck
88%
said
88%
the
88%
tonight
88%
him
87%
lie
87%
people
87%
that
87%
hear
86%
he's
86%
I'm
86%
yes
86%
only
85%
reconnect
85%
seeing
85%
two
85%
ever
84%
biggest
83%
all
82%
fine
81%
friends
81%
me
81%
where
81%
should
80%
when
80%
his
78%
thoughts
78%
your
78%
brain
76%
goes
76%
now
76%
"ah"
74%
at
74%
bed
74%
up
74%
not
72%
you're
72%
sheets
71%
oh
70%
fell
69%
into
69%
of
69%
probably
69%
cannot
67%
haven't
67%
never
67%
stop
67%
tripped
67%
couple
66%
fucked
66%
months
66%
address
65%
I've
65%
just
65%
new
65%
alone
64%
heard
64%
sending
64%
blah
63%
from
63%
god
63%
look
63%
with
63%
car
62%
here
62%
undertone
62%
was
62%
men
61%
out
61%
told
61%
like
60%
phone
60%
asleep
59%
done
59%
seen
59%
some
59%
we're
59%
hotter
58%
much
57%
remember
57%
door
56%
through
56%
sensing
55%
getting
54%
really
54%
plans
53%
sure
53%
calling
52%
standing
50%
smiling
49%
whose
49%
second
47%
floor
46%
wrecking
44%
or
43%
hey
36%
place
36%
pull
33%
No matching quizzes found
Score Distribution
Percent of People with Each Score
Percentile by Number Answered
Your Score History
You have not taken this quiz